Вып. 15; Автоматика и приборостроение

書誌詳細
Parent link:Автоматика и приборостроение: [сборник]/ Харьковский политехнический институт (ХПИ). Вып. 15.— , 1974-1991
その他の著者: Воронов В. Г. (редактор)
言語:ロシア語
出版事項: 1989
主題:
フォーマット: MixedMaterials 図書
KOHA link:https://koha.lib.tpu.ru/cgi-bin/koha/opac-detail.pl?biblionumber=254235

MARC

LEADER 00000nam2a2200000 4500
001 254235
005 20231101232922.0
035 |a (RuTPU)RU\TPU\book\276667 
035 |a RU\TPU\book\268954 
090 |a 254235 
100 |a 20140319d1989 k y0rusy50 ca 
101 0 |a rus 
102 |a UA 
105 |a a z 001zy 
200 0 |a Вып. 15  |f отв. ред. В. Г. Воронов 
210 |d 1989 
215 |a 80 с.  |c ил. 
320 |a Библиогр. в конце ст. 
461 1 |0 (RuTPU)RU\TPU\book\142493  |t Автоматика и приборостроение  |o [сборник]  |f Харьковский политехнический институт (ХПИ)  |v Вып. 15  |d 1974-1991  |s Вестник Харьковского политехнического института ; № 262 
606 1 |a Автоматика  |2 stltpush  |3 (RuTPU)RU\TPU\subj\749  |9 29560 
606 1 |a Приборостроение  |2 stltpush  |3 (RuTPU)RU\TPU\subj\51546  |9 85626 
610 1 |a автоматизация 
610 1 |a управление 
610 1 |a электронные устройства 
610 1 |a микроЭВМ 
610 1 |a погрешности 
610 1 |a аналого-цифровые преобразователи 
675 |a 681.51  |v 3 
675 |a 681.2  |v 3 
702 1 |a Воронов  |b В. Г.  |4 340 
801 1 |a RU  |b 63413507  |c 20131225 
801 2 |a RU  |b 63413507  |c 20170803  |g RCR 
942 |c BK